000 00544nam a2200181Ia 4500
003 GCL
008 140319s9999 xx 000 0 ara d
040 _aGCL /
_cGCL
082 0 4 _a813.01
_bم ف
100 1 _aمحمود تيمور
245 1 0 _aفرعون الصغير وقصص اخرى /
_cمحمود تيمور
300 _a231 ص
490 _a100 قصة
_v0
650 0 4 _aالادب العربى
650 0 4 _aالقصص العربية القصيرة
650 0 4 _aالقصص العربية القصيرة - مصر
942 _2ddc
_cBK
999 _c46723
_d46723